A szabadság tréningjei

Bibliographic Details
Main Author: Nádas, Péter, 1942- (Author)
Other Authors: Polgár, Rózsa 1936- (Illustrator)
Format: Article
Language:Hungarian
Slovak
PhysicalDescription:Obr.
Subjects:

MARC

LEADER 00000nab a2200000 a 4500
001 vtls000777684
003 SK-MaSNL
005 20260302152828.0
008 160314c2001 xo 0 hun
015 |a SNBRB2001/12-36195 
035 |a CLN000129466 
040 |a SNKBUCL  |b slo  |c SNKBUCL  |e AACR2 
041 0 |a slo 
044 |a xo  |c SK 
080 |a 894.511-3=945.11  |2 UDC-MRF-SK2 
100 1 |a Nádas, Péter,  |d 1942-  |4 aut  |9 108990 
245 1 0 |a A szabadság tréningjei  |c Nádas Péter ; illusztrálta Polgár Rózsa 
300 |b Obr. 
650 0 7 |a psychologické poviedky, maďarské  |2 snkbucl  |9 71096 
700 1 |a Polgár, Rózsa  |d 1936-  |4 ill  |9 846854 
773 0 |t Irodalmi szemle  |g Roč. 44, č. 9 (2001), s. 16-20 
850 |a Slovenská národná knižnica v Martine 
852 |a SNK  |b KIS3GCP 
958 |a HU 
958 |a LX 
958 |a RBX 
999 |c 1363601  |d 1365531